000 00251nam a2200097Ia 4500
008 231212s1993 xx 000 0 und d
041 _aeng
100 _aTaub Herbert
245 _aPrinciples of Communication System
260 _aNew Delhi
_bTata Mc
_c1993
999 _c963199
_d963199